Tại sao Việt Nam? = Why Vietnam? : Bản dạo đầu con chim Hải Âu của nước Mỹ /
Spremljeno u:
| Glavni autor: | |
|---|---|
| Daljnji autori: | |
| Format: | Sách giấy |
| Jezik: | Vietnamese English |
| Izdano: |
Đà Nẵng :
Nxb. Đà Nẵng,
2001.
|
| Teme: | |
| Oznake: |
Dodaj oznaku
Bez oznaka, Budi prvi tko označuje ovaj zapis!
|
| Thư viện lưu trữ: | Thư viện Trường Đại học Đà Lạt |
|---|
| LEADER | 00978nam a2200325 4500 | ||
|---|---|---|---|
| 001 | DLU120136680 | ||
| 005 | ##20120618 | ||
| 040 | # | # | |a DLU |b vie |
| 041 | # | # | |a vie |a eng |
| 044 | # | # | |a vn |
| 082 | # | # | |a 959.704 337 3 |b PA-A |
| 100 | # | # | |a Patti, Archimedes L. A. |
| 245 | # | # | |a Tại sao Việt Nam? = |b Why Vietnam? : Bản dạo đầu con chim Hải Âu của nước Mỹ / |c Archimedes L. A. Patti; Lê Trọng Nghĩa dịch. |
| 260 | # | # | |a Đà Nẵng : |b Nxb. Đà Nẵng, |c 2001. |
| 300 | # | # | |a 998 tr. ; |c 21 cm. |
| 651 | # | # | |a Hoa Kỳ |x Quan hệ ngoại giao |z Việt Nam. |
| 651 | # | # | |a Việt Nam |x Lịch sử |y 1954-1975. |
| 651 | # | # | |a Việt Nam |x Quan hệ ngoại giao |x Hoa Kỳ. |
| 700 | # | # | |a Lê Trọng Nghĩa, |e dịch. |
| 923 | # | # | |a 01/2012DP |
| 991 | # | # | |a SH |
| 992 | # | # | |a 120000 |
| 994 | # | # | |a KDP |
| 900 | # | # | |a True |
| 911 | # | # | |a Đào Thị Thu Huyền |
| 925 | # | # | |a G |
| 926 | # | # | |a A |
| 927 | # | # | |a SH |
| 980 | # | # | |a Thư viện Trường Đại học Đà Lạt |